Vũ Tông Phan - cuộc đời và thơ văn
Сохранить в:
| Формат: | Sách giấy |
|---|---|
| Язык: | Vietnamese |
| Опубликовано: |
H. :
Văn học,
1995
|
| Метки: |
Добавить метку
Нет меток, Требуется 1-ая метка записи!
|
| Thư viện lưu trữ: | Thư viện Trường Đại học Đà Lạt |
|---|
| LEADER | 00509nam a2200229 4500 | ||
|---|---|---|---|
| 001 | DLU020015128 | ||
| 005 | ##20000727 | ||
| 020 | # | # | |a 978- |
| 041 | # | # | |a vie |
| 082 | # | # | |a 895.922 809 |b Vut |
| 245 | # | # | |a Vũ Tông Phan - cuộc đời và thơ văn |
| 260 | # | # | |a H. : |b Văn học, |c 1995 |
| 300 | # | # | |a 338 tr.; |c 19 cm. |
| 992 | # | # | |a 20000 |
| 994 | # | # | |a DLU |
| 900 | # | # | |a False |
| 911 | # | # | |a Administrator |
| 925 | # | # | |a G |
| 926 | # | # | |a A |
| 927 | # | # | |a SH |
| 980 | # | # | |a Thư viện Trường Đại học Đà Lạt |